|
|
|
|
| LEADER |
00000nab a2200000 a 4500 |
| 001 |
vtls000735990 |
| 003 |
SK-MaSNL |
| 005 |
20260303164155.0 |
| 008 |
140302c2000 xo 0 slo |
| 015 |
|
|
|a SNBRB2000/10-25852
|
| 035 |
|
|
|a CLN000087857
|
| 040 |
|
|
|a SNKBUCL
|b slo
|c SNKBUCL
|e AACR2
|
| 041 |
0 |
|
|a slo
|
| 044 |
|
|
|a xo
|c SK
|
| 080 |
|
|
|a 793.31.091.4
|2 1997
|
| 080 |
|
|
|a 784.4
|2 1997
|
| 100 |
1 |
|
|a Klein Jakubcová, Danica,
|d 1947-
|4 aut
|9 222295
|
| 245 |
1 |
0 |
|a Myjava 2000
|c Danica Jakubcová
|
| 300 |
|
|
|b Fotogr.
|
| 611 |
1 |
7 |
|a Folklórne slávnosti
|n 41.
|d 2000
|c Myjava, Slovensko
|2 snkbucl
|9 911522
|
| 655 |
|
7 |
|a články z novín a časopisov
|2 snkbucl
|9 267496
|
| 773 |
0 |
|
|t Učiteľské noviny
|g Roč. 50, č. 29 (2000), s. 12
|
| 850 |
|
|
|a Slovenská národná knižnica v Martine
|
| 852 |
|
|
|a SNK
|b KIS3GCP
|
| 957 |
|
|
|a 303
|
| 958 |
|
|
|a SK
|
| 992 |
|
|
|a RBX
|
| 999 |
|
|
|c 2063821
|d 2065751
|